000 00619cam a22002052 4500
001 0000003173
005 20151217151917.0
008 070430s xx 000 0 eng d
020 _a069089795 :
040 _aKABU
_cKABU
050 0 _aHN981
_b.V5H66
100 1 _aHomer-Dixon, Thomas F.
_@0000152872
245 1 0 _aEnvironment, Scarcity and violence.
260 _aOxford :
_bPrinceton Univesity Press,
_c1999.
300 _axvii, 253 p.
650 0 _aViolence
_xEnvironmental aspects
_zDeveloping countries.
_@0000152873
908 _a070430
950 _@1
999 _c6264
_d6264